[Event "European Blitz 2022"]
[Site "Katowice POL"]
[Date "2022.12.16"]
[Round "6.84"]
[White "Manik, Mikulas"]
[Black "Bergsson, Stefan"]
[Result "1-0"]
[WhiteTitle "GM"]
[WhiteElo "2359"]
[BlackElo "2172"]
[WhiteFideId "14900734"]
[BlackFideId "2301393"]
[EventDate "2022.12.16"]

1. e4 e5 2. Nf3 Nc6 3. Bb5 Nge7 4. Nc3 Ng6 5. d4 exd4 6. Nxd4 Bc5 7. Be3 Nxd4 8.
Bxd4 Bxd4 9. Qxd4 Qg5 10. g3 Ne5 11. Be2 Nc6 12. Qd2 Qxd2+ 13. Kxd2 O-O 14. Nd5
d6 15. Nxc7 Rb8 16. Rad1 Be6 17. Kc1 Rfc8 18. Nxe6 fxe6 19. Rxd6 Nb4 20. c3 e5
21. Rhd1 a5 22. Kb1 Nc6 23. f4 exf4 24. gxf4 Rf8 25. f5 Ne5 26. R1d5 Nf7 27. Rd7
b5 28. Rxb5 Rxb5 29. Bxb5 Ne5 30. Re7 Nf3 31. h3 g6 32. fxg6 hxg6 33. a4 Nd2+
34. Kc2 Rf2 35. Kd1 Nf3 36. Kc1 Rh2 37. Bc4+ Kh8 38. Be6 Ne1 39. Rd7 Nf3 40. b4
axb4 41. cxb4 Rh1+ 42. Kb2 Rh2+ 43. Kc3 Ne1 44. a5 Rc2+ 45. Kb3 Re2 46. a6 Re3+
47. Ka4 Nc2 48. Bb3 Na1 49. a7 1-0

[Event "European Blitz 2022"]
[Site "Katowice POL"]
[Date "2022.12.16"]
[Round "6.86"]
[White "Kushnir, Oleg"]
[Black "Asllani, Muhamet"]
[Result "1-0"]
[WhiteElo "1554"]
[BlackElo "2228"]
[WhiteFideId "148062099"]
[BlackFideId "22100300"]
[EventDate "2022.12.16"]

1. d4 Nf6 2. c4 c6 3. Nc3 d5 4. Nf3 dxc4 5. a4 Bf5 6. g3 e6 7. Bg2 Nbd7 8. O-O
Bb4 9. Nd2 O-O 10. Nxc4 Re8 11. Re1 Bg6 12. e4 e5 13. d5 cxd5 14. exd5 Nb6 15.
Ne3 Rc8 16. Qb3 a5 17. Bd2 Qd7 18. Bf1 Red8 19. Bb5 Qh3 20. Bf1 Qd7 21. Bb5 Qd6
22. Rad1 h5 23. h4 e4 24. Bc1 Qe5 25. Nc4 Nxc4 26. Bxc4 Ng4 27. Bf4 Qf5 28. Re2
Nf6 29. Bg5 Rd7 30. Bxf6 Qxf6 31. Nxe4 Qb6 32. Bb5 Re7 33. Qf3 Rd8 34. Kg2 f6
35. d6 Re5 36. Nxf6+ gxf6 37. Qxf6 Rxe2 38. Qxg6+ Kf8 39. Bxe2 Rxd6 40. Rxd6
Bxd6 41. Bxh5 Qc6+ 42. Kh2 Ke7 43. Qf7+ Kd8 44. b3 Qe4 45. Bf3 Qxh4+ 46. Kg2 Qd4
47. Qxb7 Qd2 48. Qa8+ Ke7 49. Qb7+ Kf6 50. Qd5 Qb4 51. Qe4 Qxb3 52. Qd4+ Be5 53.
Qd7 Qc3 54. Qd8+ Kg7 55. Qd7+ Kf6 56. Bd5 Qb2 57. Qe6+ Kg7 58. Qf7+ Kh6 59. Be4
Qb6 60. Qf8+ Bg7 61. Qf4+ Kh5 62. Qh4# 1-0

[Event "European Blitz 2022"]
[Site "Katowice POL"]
[Date "2022.12.16"]
[Round "6.87"]
[White "Zamekhovskiy, Yevgen"]
[Black "Uruci, Endrit"]
[Result "1-0"]
[BlackTitle "FM"]
[WhiteElo "2095"]
[BlackElo "2297"]
[WhiteFideId "14174413"]
[BlackFideId "22100199"]
[EventDate "2022.12.16"]

1. d4 Nf6 2. Nf3 d5 3. c4 c6 4. e3 Bf5 5. Nc3 e6 6. Nh4 Bg4 7. f3 Bh5 8. Qb3 Qb6
9. g4 Bg6 10. c5 Qc7 11. g5 Nfd7 12. Nxg6 hxg6 13. f4 b6 14. cxb6 axb6 15. Bd2
c5 16. Rc1 Nc6 17. Bb5 Bd6 18. Ba4 O-O 19. Nb5 Qb8 20. Nxd6 Qxd6 21. Bxc6 Qxc6
22. a3 Rfc8 23. O-O Nb8 24. Qc2 cxd4 25. Qd3 Qb7 26. Rxc8+ Qxc8 27. Rc1 Qb7 28.
Qxd4 Nc6 29. Qc3 Rc8 30. b4 Ne7 31. Qb2 Nf5 32. Rxc8+ Qxc8 33. Qc1 Qa6 34. Kf2
Kh7 35. Qc3 Qb7 36. Qe5 Qc6 37. Qc3 Qb5 38. Qb3 Qd7 39. a4 Nd6 40. Ke2 Nc4 41.
Be1 Qc6 42. a5 bxa5 43. bxa5 Qa6 44. Qd3 Qb5 45. Bc3 Qa4 46. Kf2 Qa2+ 47. Kg3
Qb3 48. Qd4 e5 49. fxe5 Qb1 50. Kg2 Qc2+ 51. Kg3 Qc1 52. Kg2 Nxe3+ 53. Kf3 Nf5
54. Qd2 Qh1+ 55. Ke2 d4 56. Bxd4 Qxh2+ 57. Kd1 Qxd2+ 58. Kxd2 Nxd4 59. Kc3 Nc6
60. a6 Kg8 61. Kc4 Kf8 62. Kc5 Na7 63. Kb6 Nc8+ 64. Kb7 Ne7 65. a7 1-0

[Event "European Blitz 2022"]
[Site "Katowice POL"]
[Date "2022.12.16"]
[Round "6.89"]
[White "Karolczuk, Iwo"]
[Black "Caprino, Marco"]
[Result "1-0"]
[WhiteTitle "FM"]
[WhiteElo "2327"]
[BlackElo "2074"]
[WhiteFideId "21816972"]
[BlackFideId "841323"]
[EventDate "2022.12.16"]

1. g4 c5 2. h3 Nc6 3. Bg2 d5 4. d3 e5 5. Nc3 Be6 6. e4 d4 7. Nce2 f6 8. f4 Nge7
9. Nf3 Qd6 10. g5 O-O-O 11. b3 fxg5 12. f5 Bd7 13. Nxg5 Be8 14. Ne6 Rd7 15. O-O
Nd8 16. Ng5 h6 17. Nf3 Nec6 18. a3 g6 19. Ng3 Ne7 20. b4 gxf5 21. bxc5 Qg6 22.
Nxf5 Nxf5 23. Nxe5 Qg8 24. Rxf5 Rg7 25. Qf3 Bxc5 26. Bf4 Ne6 27. Ng4 h5 28. Nf6
Qf7 29. Nxe8 Qxe8 30. Be5 Ng5 31. Qg3 h4 32. Qg4 1-0

[Event "European Blitz 2022"]
[Site "Katowice POL"]
[Date "2022.12.16"]
[Round "6.90"]
[White "Arkell, Keith C"]
[Black "Drozdowski, Konrad"]
[Result "1/2-1/2"]
[WhiteTitle "GM"]
[WhiteElo "2406"]
[BlackElo "2104"]
[WhiteFideId "400270"]
[BlackFideId "1106279"]
[EventDate "2022.12.16"]

1. d4 Nf6 2. Nf3 g6 3. c4 Bg7 4. Nc3 O-O 5. g3 d6 6. Bg2 Nc6 7. O-O e5 8. dxe5
Nxe5 9. b3 Nxf3+ 10. Bxf3 Ng4 11. Bb2 c6 12. Qd2 Qc7 13. Rad1 Rd8 14. Ne4 Ne5
15. Bg2 d5 16. f4 Bf5 17. cxd5 cxd5 18. Nf2 Ng4 19. Bxg7 Kxg7 20. Qd4+ f6 21.
Bxd5 Nxf2 22. Rxf2 Rd6 23. e4 Bg4 24. Re1 Rad8 25. Rd2 Be6 26. Qc4 Qb6+ 27. Kg2
Bxd5 28. Rxd5 Rxd5 29. exd5 Qd6 30. Re6 Qd7 31. Qe4 Kg8 32. Re7 Qxd5 33. Qxd5+
Rxd5 34. Rxb7 Rd2+ 35. Kf3 Rxa2 36. h4 Ra3 37. Ke4 a5 38. Kd5 a4 39. Ke6 Rxb3
40. Ra7 Rb6+ 41. Ke7 Kg7 42. Rxa4 Rb7+ 1/2-1/2

[Event "European Blitz 2022"]
[Site "Katowice POL"]
[Date "2022.12.16"]
[Round "6.91"]
[White "Diermair, Andreas"]
[Black "Budzisz, Adrian"]
[Result "1-0"]
[WhiteTitle "GM"]
[WhiteElo "2446"]
[BlackElo "2118"]
[WhiteFideId "1612468"]
[BlackFideId "21860238"]
[EventDate "2022.12.16"]

1. d4 d5 2. Nf3 c6 3. c4 Nf6 4. g3 e6 5. Bg2 dxc4 6. O-O Be7 7. a4 a5 8. Qc2 Na6
9. Qxc4 Ne4 10. Qc2 f5 11. Nc3 Nb4 12. Qb1 Nf6 13. e4 O-O 14. Re1 h6 15. Ne5
Qxd4 16. Ng6 Rf7 17. exf5 Ng4 18. Be3 Nxe3 19. Nxe7+ Rxe7 20. Rxe3 Qf6 21. Qe4
Kf8 22. Rae1 Bd7 23. Bh3 Rae8 1-0

[Event "European Blitz 2022"]
[Site "Katowice POL"]
[Date "2022.12.16"]
[Round "6.92"]
[White "Shilov, Sergej"]
[Black "Morgunov, Marc"]
[Result "0-1"]
[WhiteTitle "FM"]
[BlackTitle "FM"]
[WhiteElo "2047"]
[BlackElo "2402"]
[WhiteFideId "14101505"]
[BlackFideId "1640305"]
[EventDate "2022.12.16"]

1. e4 c5 2. c3 Nf6 3. e5 Nd5 4. d4 cxd4 5. Nf3 Nc6 6. Bc4 Nb6 7. Bb3 d5 8. exd6
Qxd6 9. cxd4 Be6 10. O-O Rd8 11. Nc3 Bxb3 12. Qxb3 Nxd4 13. Nxd4 Qxd4 14. Be3
Qc4 15. Rfd1 Rxd1+ 16. Rxd1 Qxb3 17. axb3 e6 18. Nb5 Nd5 19. Bxa7 Bb4 20. Rc1
Ke7 21. Nc3 Rd8 22. Nxd5+ Rxd5 23. Kf1 Bd6 24. Be3 Rb5 25. Rc3 Be5 26. Rc5 Rxc5
27. Bxc5+ Kd7 28. Ba3 Bd6 29. Ke2 b5 30. b4 Kc6 31. Kd3 Kd5 32. b3 e5 33. f3 f5
34. h3 g6 35. g4 Be7 36. Ke3 Bg5+ 37. Kd3 e4+ 38. fxe4+ fxe4+ 39. Ke2 Bf6 40.
Ke3 Bc3 41. Ke2 Kd4 42. h4 h5 43. gxh5 gxh5 44. Bc1 Bxb4 45. Bg5 Bd6 46. Kd2 Bg3
47. Bf6+ Kd5 48. Ke3 Be5 49. Bg5 Bd4+ 50. Ke2 Ke5 51. Bd2 Kf5 52. Bg5 Kg4 53.
Bd8 Bc5 54. Bf6 Kf4 55. Bd8 Bd4 56. Be7 Bb6 57. Bf6 Kf5 58. Be7 Kg4 59. Bf6 Bc7
60. Ke3 Kf5 61. Bg5 Bg3 62. Bd8 Bf4+ 63. Ke2 Kg4 64. Be7 Bh6 65. Bd8 Bc1 66. Be7
Bf4 67. Bd8 Bg3 68. Ke3 Bxh4 0-1

[Event "European Blitz 2022"]
[Site "Katowice POL"]
[Date "2022.12.16"]
[Round "6.93"]
[White "Wojdak, Jan"]
[Black "Larkin, Vladyslav"]
[Result "0-1"]
[BlackTitle "IM"]
[WhiteElo "2115"]
[BlackElo "2452"]
[WhiteFideId "21817111"]
[BlackFideId "14152894"]
[EventDate "2022.12.16"]

1. e4 c5 2. Nf3 e6 3. d4 cxd4 4. Nxd4 a6 5. Bd3 Qc7 6. O-O Nf6 7. Qe2 Bd6 8. h3
Nc6 9. Nxc6 dxc6 10. f4 e5 11. Nd2 Nd7 12. Nc4 Bc5+ 13. Kh1 b5 14. Nxe5 Nxe5 15.
fxe5 Be6 16. Bf4 Bd4 17. c4 b4 18. Rac1 a5 19. c5 Bxe5 20. Bxe5 Qxe5 21. Bc4 O-O
22. b3 Rfe8 23. Bxe6 Rxe6 24. Rfe1 h5 25. Qf3 Rae8 26. Rf1 Rf6 27. Qd3 Rxf1+ 28.
Rxf1 Qxc5 29. Qd7 Re7 30. Qc8+ Kh7 31. Rf5 Qc1+ 32. Kh2 g6 33. Rf3 Kg7 34. e5
Qc5 35. Qd8 Qxe5+ 36. Kg1 Qa1+ 37. Rf1 Qe5 38. Kh1 Re6 39. Qd3 Qd5 40. Qa6 Re3
41. Kh2 0-1

[Event "European Blitz 2022"]
[Site "Katowice POL"]
[Date "2022.12.16"]
[Round "6.94"]
[White "Spalir, Jernej"]
[Black "Fortuny Profitos, Jordi"]
[Result "1-0"]
[WhiteTitle "IM"]
[WhiteElo "2377"]
[BlackElo "2111"]
[WhiteFideId "14606518"]
[BlackFideId "32004087"]
[EventDate "2022.12.16"]

1. d4 Nf6 2. c4 g6 3. Nc3 Bg7 4. Nf3 d6 5. g3 O-O 6. Bg2 Nc6 7. O-O a6 8. b3 Rb8
9. d5 Na5 10. Bg5 h6 11. Bd2 c5 12. dxc6 bxc6 13. Rc1 c5 14. h3 Bb7 15. Ne1 Bxg2
16. Nxg2 Nc6 17. Kh2 Kh7 18. f4 Qd7 19. Qc2 Nd4 20. Qd3 e5 21. e3 Nc6 22. Rcd1
Nb4 23. Qb1 exf4 24. exf4 d5 25. cxd5 Nbxd5 26. f5 g5 27. Nxd5 Qxd5 28. Bxg5
Qxd1 29. Rxd1 hxg5 30. Ne3 Rfe8 31. Re1 Rbd8 32. Qc1 Rd3 33. Ng2 Red8 34. Qxg5
Ne4 35. Rxe4 Rd2 36. Rh4+ Kg8 37. f6 Kf8 38. fxg7+ 1-0

[Event "European Blitz 2022"]
[Site "Katowice POL"]
[Date "2022.12.16"]
[Round "6.95"]
[White "Kulesza, Andrzej"]
[Black "Barski, Radoslaw"]
[Result "0-1"]
[BlackTitle "IM"]
[WhiteElo "2053"]
[BlackElo "2441"]
[WhiteFideId "21836264"]
[BlackFideId "1131710"]
[EventDate "2022.12.16"]

1. e4 e5 2. Nf3 Nc6 3. Bb5 a6 4. Ba4 Nf6 5. O-O Be7 6. Re1 b5 7. Bb3 d6 8. c3
O-O 9. h3 Nb8 10. d4 Nbd7 11. Nbd2 c5 12. d5 c4 13. Bc2 Nc5 14. Nf1 Qc7 15. Ng3
a5 16. Be3 Rb8 17. a3 b4 18. axb4 axb4 19. Bxc5 Qxc5 20. Nh4 g6 21. Qc1 Ng4 22.
hxg4 Bxh4 23. Qh6 Bxg3 0-1

[Event "European Blitz 2022"]
[Site "Katowice POL"]
[Date "2022.12.16"]
[Round "6.96"]
[White "Novotny, Michal"]
[Black "Kaliszuk, Kamil"]
[Result "1/2-1/2"]
[WhiteTitle "FM"]
[WhiteElo "2250"]
[BlackElo "2103"]
[WhiteFideId "310980"]
[BlackFideId "21870160"]
[EventDate "2022.12.16"]

1. e4 c5 2. Nf3 e6 3. c3 Nf6 4. e5 Nd5 5. g3 d6 6. exd6 Bxd6 7. Bg2 Nc6 8. O-O
O-O 9. Na3 a6 10. Re1 Rb8 11. d3 b5 12. c4 Ndb4 13. b3 e5 14. Bb2 f6 15. Nc2 Bc7
16. Ne3 Bb7 17. Rc1 Bb6 1/2-1/2

[Event "European Blitz 2022"]
[Site "Katowice POL"]
[Date "2022.12.16"]
[Round "6.97"]
[White "Piesik, Piotr"]
[Black "Prokshaj, Imer"]
[Result "1-0"]
[WhiteTitle "IM"]
[WhiteElo "2420"]
[BlackElo "1964"]
[WhiteFideId "1136194"]
[BlackFideId "953890"]
[EventDate "2022.12.16"]

1. Nf3 e6 2. g3 d5 3. Bg2 c5 4. O-O Nc6 5. d3 g6 6. Nbd2 Bg7 7. e4 Nge7 8. c3
O-O 9. Qe2 d4 10. c4 a6 11. Re1 b5 12. a4 Rb8 13. axb5 axb5 14. cxb5 Rxb5 15.
Nc4 e5 16. Bd2 Be6 17. Rec1 Bxc4 18. Rxc4 Rxb2 19. Rxc5 Qb6 20. Rac1 Ra8 21.
R5c2 Raa2 22. Qd1 Qb3 23. Rxb2 Qxd1+ 24. Rxd1 Rxb2 25. Bh3 f5 26. exf5 gxf5 27.
Nh4 e4 28. Nxf5 exd3 29. Nxe7+ Nxe7 30. Bg5 Nc6 31. Rxd3 Ne5 32. Be6+ Kh8 33.
Ra3 Rb8 34. Kg2 h6 35. Bf4 Re8 36. Bf5 Rf8 37. Be4 Rd8 38. Ra5 Nc4 39. Rc5 Nd6
40. Bd3 Nb7 41. Rb5 Nd6 42. Rd5 Nb7 43. Rh5 1-0

[Event "European Blitz 2022"]
[Site "Katowice POL"]
[Date "2022.12.16"]
[Round "6.98"]
[White "Stremavicius, Pijus"]
[Black "Przybylski, Bartosz"]
[Result "1-0"]
[WhiteTitle "FM"]
[WhiteElo "2369"]
[BlackElo "2085"]
[WhiteFideId "12812730"]
[BlackFideId "1126652"]
[EventDate "2022.12.16"]

1. e4 c5 2. Nf3 e6 3. g3 Nc6 4. Bg2 Nf6 5. Qe2 d5 6. exd5 Nxd5 7. O-O Be7 8. Rd1
O-O 9. d4 Qb6 10. c4 Nf6 11. d5 Nd4 12. Nxd4 cxd4 13. Nd2 Re8 14. Qd3 e5 15. h3
a5 16. Ne4 Nxe4 17. Bxe4 g6 18. g4 Bc5 19. Bd2 Qd6 20. b3 a4 21. Rf1 axb3 22.
axb3 Rxa1 23. Rxa1 Bd7 24. Rf1 Qc7 25. b4 Bf8 26. c5 Bg7 27. d6 Qc8 28. Qf3 Bc6
29. Ra1 f5 30. gxf5 Bxe4 31. Qxe4 Kh8 32. Ra7 Rg8 33. f6 Bxf6 34. Kg2 b5 35. c6
Qe6 36. d7 Qd6 37. Rb7 d3 38. Rxb5 g5 39. Qd5 Qc7 40. Rb7 Qxd7 41. cxd7 1-0

[Event "European Blitz 2022"]
[Site "Katowice POL"]
[Date "2022.12.16"]
[Round "6.99"]
[White "Gradalski, Olaf"]
[Black "Madan, Augustin"]
[Result "1/2-1/2"]
[BlackTitle "IM"]
[WhiteElo "2079"]
[BlackElo "2292"]
[WhiteFideId "21840580"]
[BlackFideId "1210327"]
[EventDate "2022.12.16"]

1. e4 c5 2. c3 d5 3. exd5 Qxd5 4. d4 Nf6 5. Nf3 Bg4 6. Be2 e6 7. h3 Bh5 8. Be3
cxd4 9. cxd4 Nc6 10. Nc3 Qd6 11. O-O Be7 12. Qb3 O-O 13. Rfd1 Rfd8 14. a3 a6 15.
Rac1 b5 16. Rd2 Na5 17. Qd1 Rac8 18. d5 exd5 19. b4 Nc4 1/2-1/2

[Event "European Blitz 2022"]
[Site "Katowice POL"]
[Date "2022.12.16"]
[Round "6.100"]
[White "Mis, Mieszko"]
[Black "Czarnecka, Lidia"]
[Result "1-0"]
[WhiteTitle "FM"]
[BlackTitle "WCM"]
[WhiteElo "2389"]
[BlackElo "2018"]
[WhiteFideId "1196448"]
[BlackFideId "21807531"]
[EventDate "2022.12.16"]

1. e4 c5 2. f4 Nc6 3. Nf3 g6 4. Bb5 Nd4 5. Nxd4 cxd4 6. O-O a6 7. Bc4 Bg7 8. d3
e6 9. f5 d5 10. fxe6 Bxe6 11. exd5 Bxd5 12. Re1+ Ne7 13. Bxd5 Qxd5 14. Qe2 Qd7
15. Nd2 Kf8 16. Nc4 Re8 17. Bf4 Nf5 18. Qf3 Ne3 19. Nxe3 dxe3 20. c3 Qxd3 21.
Rad1 Qb5 22. Rxe3 Rxe3 23. Qxe3 Bf6 24. Bh6+ Kg8 25. Kh1 1-0

[Event "European Blitz 2022"]
[Site "Katowice POL"]
[Date "2022.12.16"]
[Round "7.1"]
[White "Svane, Rasmus"]
[Black "Stefansson, Hannes"]
[Result "1/2-1/2"]
[WhiteTitle "GM"]
[BlackTitle "GM"]
[WhiteElo "2622"]
[BlackElo "2526"]
[WhiteFideId "4657101"]
[BlackFideId "2300087"]
[EventDate "2022.12.16"]

1. Nf3 Nf6 2. g3 g6 3. Bg2 Bg7 4. O-O O-O 5. d4 d5 6. c4 c6 7. Qb3 Qb6 8. Nc3
Rd8 9. Bd2 Bf5 10. Na4 Qxb3 11. axb3 Nbd7 12. Rfc1 Ne4 13. Be1 Be6 14. e3 Rdc8
15. Nd2 Nd6 16. cxd5 cxd5 17. Nc3 Nb6 18. Nf3 f6 19. Na4 Nxa4 20. bxa4 Bd7 21.
b3 e6 22. Bb4 Bf8 23. Ne1 b6 24. Nd3 Kf7 25. a5 Rxc1+ 26. Rxc1 Rc8 27. Rxc8 Bxc8
28. axb6 axb6 29. Bf1 Ne4 30. Bxf8 Kxf8 31. Nb2 Bd7 32. Bd3 Nd2 33. Bc2 Ke7 34.
Bd1 Kd6 35. f3 e5 36. Kf2 Bb5 37. h4 h6 38. Ke1 Nf1 39. Kf2 Nd2 40. Ke1 Nf1 1/2-1/2

[Event "European Blitz 2022"]
[Site "Katowice POL"]
[Date "2022.12.16"]
[Round "7.2"]
[White "Sebenik, Matej"]
[Black "Deac, Bogdan-Daniel"]
[Result "1/2-1/2"]
[WhiteTitle "GM"]
[BlackTitle "GM"]
[WhiteElo "2538"]
[BlackElo "2700"]
[WhiteFideId "14602296"]
[BlackFideId "1226380"]
[EventDate "2022.12.16"]

1. d4 Nf6 2. Nf3 d5 3. c4 e6 4. g3 Be7 5. Bg2 O-O 6. O-O Nbd7 7. Qc2 c6 8. Nbd2
b6 9. e4 dxc4 10. Nxc4 Bb7 11. Bf4 c5 12. Rfe1 cxd4 13. Nd6 d3 14. Qxd3 Bxd6 15.
Bxd6 Bxe4 16. Qd4 e5 17. Qa4 Re8 18. Rad1 Bxf3 19. Bxf3 e4 20. Bxe4 Nxe4 21.
Rxe4 Rxe4 22. Qxe4 Nf6 23. Qf3 Rc8 24. h4 h6 25. Bf4 Qe7 26. a4 Qe4 27. Qxe4
Nxe4 28. Rd7 Rc2 29. Be3 Rxb2 30. Rxa7 Nc3 31. Kg2 Rb4 32. a5 bxa5 33. Rxa5 Rb5
34. Rxb5 1/2-1/2

[Event "European Blitz 2022"]
[Site "Katowice POL"]
[Date "2022.12.16"]
[Round "7.3"]
[White "Blohberger, Felix"]
[Black "Santos Latasa, Jaime"]
[Result "0-1"]
[WhiteTitle "GM"]
[BlackTitle "GM"]
[WhiteElo "2490"]
[BlackElo "2668"]
[WhiteFideId "1632051"]
[BlackFideId "2293307"]
[EventDate "2022.12.16"]

1. d4 Nf6 2. c4 e6 3. Nc3 Bb4 4. e3 O-O 5. Bd3 d5 6. cxd5 exd5 7. a3 Bd6 8. Qc2
c6 9. Nge2 b6 10. Bd2 Re8 11. O-O Ba6 12. f3 c5 13. Rad1 Bxd3 14. Qxd3 Nc6 15.
Kh1 Rc8 16. Be1 cxd4 17. exd4 Be7 18. Bh4 Nh5 19. Bxe7 Rxe7 20. g4 Nf6 21. Ng3
g6 22. Qd2 Ne8 23. Rfe1 Ng7 24. Rxe7 Nxe7 25. Qf4 Ne6 26. Qe5 Nc6 27. Qxd5 Qxd5
28. Nxd5 Rd8 29. Ne4 Kg7 30. Nec3 Ncxd4 31. Kg2 Nc6 32. Kf2 Ne5 33. a4 Rc8 34.
Ne3 Nc5 35. Rd2 Ncd3+ 36. Kg3 Nxb2 37. Rxb2 Rxc3 0-1

[Event "European Blitz 2022"]
[Site "Katowice POL"]
[Date "2022.12.16"]
[Round "7.4"]
[White "Seo, Jung Min"]
[Black "Sargsyan, Shant"]
[Result "1-0"]
[WhiteTitle "IM"]
[BlackTitle "GM"]
[WhiteElo "2502"]
[BlackElo "2645"]
[WhiteFideId "1734687"]
[BlackFideId "13306766"]
[EventDate "2022.12.16"]

1. e4 e5 2. Nf3 Nc6 3. Bb5 a6 4. Ba4 Nf6 5. O-O Be7 6. d3 b5 7. Bb3 d6 8. a3 Na5
9. Ba2 c5 10. Nc3 Be6 11. Nh4 Ra7 12. Nf5 Bxf5 13. exf5 d5 14. Qf3 Rd7 15. Bg5
c4 16. Rad1 O-O 17. dxc4 e4 18. Qe2 bxc4 19. Kh1 h6 20. Bh4 Re8 21. f3 exf3 22.
Qxf3 d4 23. Ne2 d3 24. cxd3 cxd3 25. Nf4 d2 26. b4 Nb7 27. Ng6 Nd6 28. Rxd2 Nde4
29. Rxd7 Qxd7 30. Ne5 Qd4 31. Bxf7+ Kh7 32. Bxe8 Nd2 33. Bg6+ Kg8 34. Qa8+ Bf8
35. Bf7+ Kh7 36. Qxf8 1-0

[Event "European Blitz 2022"]
[Site "Katowice POL"]
[Date "2022.12.16"]
[Round "7.5"]
[White "Abdrlauf, Elham"]
[Black "Yuffa, Daniil"]
[Result "1/2-1/2"]
[WhiteTitle "IM"]
[BlackTitle "GM"]
[WhiteElo "2518"]
[BlackElo "2587"]
[WhiteFideId "1533533"]
[BlackFideId "24131423"]
[EventDate "2022.12.16"]

1. e4 Nf6 2. e5 Nd5 3. c4 Nb6 4. d4 d6 5. exd6 exd6 6. Nf3 Be7 7. h3 O-O 8. Be2
Be6 9. d5 Bf5 10. O-O Bf6 11. Nc3 N8d7 12. Be3 Bxc3 13. bxc3 Nc5 14. Nd4 Bd7 15.
Nb3 Nba4 16. Qc2 Qf6 17. Bd4 Qg6 18. Qxg6 hxg6 19. Rfe1 Rfe8 20. Bf1 b6 21. f3
a5 22. g4 Nb2 23. Nxc5 bxc5 24. Bf2 Na4 25. Rxe8+ Rxe8 26. Rb1 Nb6 27. Bg3 Rb8
28. Bd3 Bc8 29. Rb5 Ba6 30. Rxa5 Bxc4 31. Bxc4 Nxc4 32. Ra7 Rb1+ 33. Kf2 Rb2+
34. Ke1 Ne3 35. Rxc7 Nxd5 36. Rc8+ Kh7 37. Bxd6 Nxc3 38. Rxc5 Nxa2 39. Rc7 Kg8
40. Kd1 Nb4 41. Rb7 Nd3 42. Rxb2 Nxb2+ 43. Ke2 Na4 44. Kd3 Nb6 45. Kd4 1/2-1/2

[Event "European Blitz 2022"]
[Site "Katowice POL"]
[Date "2022.12.16"]
[Round "7.6"]
[White "Lagarde, Maxime"]
[Black "Samunenkov, Ihor"]
[Result "1-0"]
[WhiteTitle "GM"]
[BlackTitle "IM"]
[WhiteElo "2584"]
[BlackElo "2488"]
[WhiteFideId "662399"]
[BlackFideId "14187086"]
[EventDate "2022.12.16"]

1. e4 c6 2. Nf3 d5 3. d3 Qc7 4. exd5 cxd5 5. c4 Nf6 6. Nc3 e6 7. g3 a6 8. Bg2
Nc6 9. O-O d4 10. Bf4 Bd6 11. Bxd6 Qxd6 12. Na4 O-O 13. c5 Qc7 14. Nb6 Rb8 15.
Nd2 e5 16. Ndc4 Be6 17. Rc1 Rbd8 18. Re1 Rfe8 19. a3 Bf5 20. Qb3 Re7 21. Nd6 Be6
22. Qa4 Nd7 23. Nxb7 Qxb7 24. Qxc6 Qb8 25. b4 Nxb6 26. Qxb6 f6 27. Qxb8 Rxb8 28.
f4 exf4 29. Rxe6 Rxe6 30. Bd5 Kf7 31. Re1 1-0

[Event "European Blitz 2022"]
[Site "Katowice POL"]
[Date "2022.12.16"]
[Round "7.7"]
[White "Gavrilescu, David"]
[Black "Ziska, Helgi Dam"]
[Result "1-0"]
[WhiteTitle "IM"]
[BlackTitle "GM"]
[WhiteElo "2522"]
[BlackElo "2546"]
[WhiteFideId "1227190"]
[BlackFideId "7200595"]
[EventDate "2022.12.16"]

1. e4 c5 2. Nf3 d6 3. d4 cxd4 4. Nxd4 Nf6 5. Nc3 a6 6. Be3 e5 7. Nf3 Be7 8. Bc4
O-O 9. O-O Be6 10. Bxe6 fxe6 11. Na4 Nfd7 12. c4 Nc6 13. a3 b5 14. cxb5 axb5 15.
Nc3 b4 16. axb4 Nxb4 17. Qb3 d5 18. exd5 Rb8 19. d6 Bf6 20. Qxe6+ Kh8 21. Ra7
Nb6 22. Nxe5 Bxe5 23. Qxe5 Rg8 24. Rc7 Na6 25. Ne4 Nd7 26. Qg3 Rb4 27. Ng5 Qe8
28. Ra7 Nab8 29. Bd2 Rxb2 30. Bc3 Rb6 31. Qh3 Qg6 32. Qxh7+ Qxh7 33. Nf7# 1-0

[Event "European Blitz 2022"]
[Site "Katowice POL"]
[Date "2022.12.16"]
[Round "7.8"]
[White "Donchenko, Alexander"]
[Black "Krzyzanowski, Marcin"]
[Result "1-0"]
[WhiteTitle "GM"]
[BlackTitle "GM"]
[WhiteElo "2636"]
[BlackElo "2538"]
[WhiteFideId "24603295"]
[BlackFideId "1132199"]
[EventDate "2022.12.16"]

1. Nf3 d5 2. d4 Nf6 3. c4 e6 4. g3 Bb4+ 5. Bd2 Be7 6. Bg2 O-O 7. O-O Nbd7 8. Qc2
c6 9. Rc1 Ne4 10. Nc3 f5 11. Rab1 a5 12. a3 Qe8 13. b4 axb4 14. axb4 Nb6 15. Ne5
Bf6 16. Bf4 Bxe5 17. Bxe5 Nxc3 18. Qxc3 Nxc4 19. Bf4 Ra3 20. Rb3 Ra2 21. e4 fxe4
22. Bxe4 Rxf4 23. gxf4 Nd2 24. Bb1 Nxb3 25. Qxb3 Ra8 26. Kh1 Bd7 27. Rg1 Qh5 28.
Qd3 Be8 29. Rg5 Qh6 30. Qe3 Qf6 31. f5 Ra1 32. Rg1 Bf7 33. fxe6 Qxe6 34. Qxe6
Bxe6 35. Bxh7+ Kxh7 36. Rxa1 Bf5 37. Ra7 Bc2 38. Rxb7 Ba4 39. Kg2 Kg6 40. Kg3
Kf6 41. h4 g6 42. Kf4 Bb5 43. Rxb5 cxb5 44. Kg4 Kf7 45. Kg5 Kg7 46. f4 Kf7 47.
f5 1-0

[Event "European Blitz 2022"]
[Site "Katowice POL"]
[Date "2022.12.16"]
[Round "7.9"]
[White "Nasuta, Grzegorz"]
[Black "Moroni, Luca Jr"]
[Result "1/2-1/2"]
[WhiteTitle "GM"]
[BlackTitle "GM"]
[WhiteElo "2546"]
[BlackElo "2576"]
[WhiteFideId "1141686"]
[BlackFideId "865834"]
[EventDate "2022.12.16"]

1. e4 d6 2. d4 e5 3. Nf3 exd4 4. Nxd4 Nf6 5. Nc3 Be7 6. Bf4 O-O 7. Qd2 d5 8.
Ndb5 c6 9. Nc7 Bb4 10. O-O-O Nxe4 11. Qd4 Nxc3 12. bxc3 Ba3+ 13. Kb1 Bg4 14. f3
Be6 15. Nxa8 Na6 16. Qa4 Bd6 17. Bxd6 Qxd6 18. Bxa6 bxa6 19. Ka1 Rxa8 20. Rb1 h6
21. g3 c5 22. Qf4 Qc6 23. Rb8+ Rxb8 24. Qxb8+ Kh7 25. Qf4 Qb5 26. Qe3 Qa5 27.
Qd3+ g6 28. Rb1 d4 29. c4 Qa4 30. Qb3 Qc6 31. g4 Qd6 32. h4 Kg7 33. Qd3 Qf4 34.
a3 Qg3 35. h5 g5 36. Kb2 Qf4 37. Re1 Qb8+ 38. Ka1 Qc7 39. Re2 Qa5 40. Kb2 Qa4
41. Qb3 Qc6 42. Qd3 Qb6+ 43. Ka1 a5 44. Qb3 Qa6 45. Qb5 Qd6 46. Kb2 d3 47. cxd3
Qxd3 48. Rc2 Qd4+ 49. Rc3 Qd2+ 50. Rc2 Qd4+ 51. Ka2 Qd3 52. Kb2 Qd4+ 53. Ka2 Kg8
54. Qb8+ Kh7 55. Qb5 Qd3 56. Kb2 Qd4+ 57. Ka2 Kg8 58. Qb8+ Kh7 59. Qb5 1/2-1/2